Entry Personal Name
001 - CONTROL NUMBER
- control field: 4028
003 - CONTROL NUMBER IDENTIFIER
- control field: AM-YEHGA
005 - DATE AND TIME OF LATEST TRANSACTION
- control field: 20250617070448.0
008 - FIXED-LENGTH DATA ELEMENTS
- fixed length control field: 110610 a|ac|n|aab||||||||||||a |n|||||||
040 ## - CATALOGING SOURCE
- Original cataloging agency: AM-YEHGA
100 1# - HEADING--PERSONAL NAME
- Personal name: Սաֆյան, Սպարտակ Գևորգի,
- Dates associated with a name: 1929-2001
400 1# - SEE FROM TRACING--PERSONAL NAME
- Personal name: Սաֆյան, Սպարտակ,
- Dates associated with a name: 1929-2001
400 1# - SEE FROM TRACING--PERSONAL NAME
- Personal name: Սաֆյան, Ս.Գ.
- Fuller form of name: (Սպարտակ Գևորգի),
- Dates associated with a name: 1929-2001
400 1# - SEE FROM TRACING--PERSONAL NAME
- Personal name: Սաֆյան, Ս.
- Fuller form of name: (Սպարտակ),
- Dates associated with a name: 1929-2001
400 1# - SEE FROM TRACING--PERSONAL NAME
- Personal name: Сафян, Спартак Геворкович,
- Dates associated with a name: 1929-2001
400 1# - SEE FROM TRACING--PERSONAL NAME
- Personal name: Сафян, С.Г.
- Fuller form of name: (Спартак Геворкович),
- Dates associated with a name: 1929-2001
400 1# - SEE FROM TRACING--PERSONAL NAME
- Personal name: Сафян, С.
- Fuller form of name: (Спартак),
- Dates associated with a name: 1929-2001
400 1# - SEE FROM TRACING--PERSONAL NAME
- Personal name: Safian, S.
- Fuller form of name: (Spartak),
- Dates associated with a name: 1929-2001
400 1# - SEE FROM TRACING--PERSONAL NAME
- Personal name: Safyan, Spartak Gevorki,
- Dates associated with a name: 1929-2001
670 ## - SOURCE DATA FOUND
- Source citation: Ով ով է. հայեր, կենսագրական հանրագիտարան, հ. 2, 2007 :
- Information found: Սաֆյան Սպարտակ Գևորգի [15.2.1929, գ. Բռնակոթ (այժմ՝ Սյունիքի մարզ) - 24.6.2001, Երևան], նկարիչ: ՀՀ վաստ. նկարիչ (1975): ԵԳԱ պրոֆ. (2000-ից):
670 ## - SOURCE DATA FOUND
- Source citation: Պատկերազարդ այբուբեն : Բանաստեղծություններ, 1990 :
- Information found: տիտղթ. (նկ.՝ Սպարտակ Սաֆյան)
670 ## - SOURCE DATA FOUND
- Source citation: Անհաղթ աքլորը : Ներկիր ինքդ : [Առակ նախադպրոցական տարիքի համար], 1990 :
- Information found: տիտղթ. (նկ.՝ Ս.Գ. Սաֆյան)
670 ## - SOURCE DATA FOUND
- Source citation: Ամիսներ և չորս եղանակ, 1995 :
- Information found: տիտղթ. (նկ.՝ Ս. Սաֆյան)
670 ## - SOURCE DATA FOUND
- Source citation: Ваши знакомые : Стихи : Для сред. шк. возраста, 1988 :
- Information found: т.л. (худ. С.Г. Сафян)
670 ## - SOURCE DATA FOUND
- Source citation: Сказка о глупом мышонке = Հեքիաթ հիմար մուկիկի մասին, 1988 :
- Information found: т.л. (худ. С. Сафян)
670 ## - SOURCE DATA FOUND
- Source citation: Mousey Pouy-Pouy : [Tale] = Պույ-Պույ մուկիկը : Հեքիաթ, 1986 :
- Information found: t.p. (art S. Safian)
ՀՀ Գիտությունների ազգային ակադեմիայի հիմնարար գիտական գրադարան = Fundamental Scientific Library of NAS RA
All site content, except where otherwise noted, is licensed under a